Statistics for Countries closest to Alaska

Click here to take the quiz!

General Stats

  • This quiz has been taken 14 times
  • The average score is 8 of 10

Answer Stats

HintAnswer% Correct
0 milesCanada
100%
0 milesRussia
100%
4 milesChina
92%
2 milesJapan
92%
1 mileIceland
85%
2 milesNorth Korea
85%
4 milesNorway
85%
2 milesSouth Korea
85%
1 mileGreenland (Denmark)
69%
5 milesMicronesia
31%

Score Distribution

Percentile by Number Answered

Percent of People with Each Score

Your Score History

You have not taken this quiz